[Event "EU-ch rapid"]
[Site "Warsaw"]
[Date "2010.12.18"]
[Round "6"]
[White "Sieciechowicz, Marcin"]
[Black "Tregubov, Vadim"]
[Result "1-0"]
[WhiteElo "2446"]
[BlackElo "2247"]
[PlyCount "84"]
[EventDate "2010.12.18"]
[EventType "swiss (rapid)"]
[EventRounds "13"]
[EventCountry "POL"]
[SourceTitle "CBM 139 Extra"]
[Source "ChessBase"]
[SourceDate "2011.01.05"]
[SourceVersion "1"]
[SourceVersionDate "2011.01.05"]
[SourceQuality "1"]

1. d4 Nf6 2. c4 g6 3. Nc3 Bg7 4. e4 d6 5. Nf3 0-0 6. Be2 e5 7. 0-0 Nc6 8. d5 Ne7 9. b4 Nh5 10. Re1 a5 11. bxa5 Rxa5 12. a4 c5 13. Nb5 Ra6 14. Nd2 Nf6 15. Bb2 Ne8 16. Rf1 f5 17. f4 exf4 18. Bxg7 Nxg7 19. Rxf4 g5 20. Rf1 f4 21. Bg4 Ng6 22. Bxc8 Qxc8 23. Nf3 g4 24. Ng5 h6 25. Ne6 Nxe6 26. dxe6 Qxe6 27. Nc7 Qxc4 28. Nxa6 bxa6 29. Qxg4 Qd4+ 30. Kh1 Qf6 31. Rab1 Kh8 32. Rb6 Ne5 33. Qe2 a5 34. Qa6 Rd8 35. Qxa5 Ng4 36. Qd2 Rf8 37. Qxd6 Qg7 38. Qg6 Nf2+ 39. Kg1 Nh3+ 40. Kh1 Nf2+ 41. Kg1 Ng4 42. Qd6 Qe5 1-0

[Event "Geller Memorial op-A 6th"]
[Site "Odessa"]
[Date "2010.08.29"]
[Round "9"]
[White "Kotenko, Pavel"]
[Black "Tregubov, Vadim"]
[Result "1/2-1/2"]
[WhiteElo "2396"]
[BlackElo "2255"]
[PlyCount "52"]
[EventDate "2010.08.21"]
[EventType "swiss"]
[EventRounds "9"]
[EventCountry "UKR"]
[SourceTitle "CBM 138 Extra"]
[Source "ChessBase"]
[SourceDate "2010.10.29"]
[SourceVersion "1"]
[SourceVersionDate "2010.10.29"]
[SourceQuality "1"]

1. d4 Nf6 2. g3 g6 3. Bg2 Bg7 4. e4 d6 5. Nc3 0-0 6. Nge2 e5 7. h3 exd4 8. Nxd4 Re8 9. 0-0 Nbd7 10. Re1 Nc5 11. Nb3 Nfd7 12. Bf4 a5 13. Nxc5 Nxc5 14. Qd2 Bd7 15. Rad1 Bc6 16. b3 Qd7 17. Nd5 Re6 18. h4 b6 19. Re3 Rae8 20. Rde1 Qd8 21. a3 h6 22. b4 axb4 23. axb4 Nd7 24. Ra3 Nf6 25. Nxf6+ Bxf6 26. Bxh6 Bxe4 1/2-1/2

[Event "Geller Memorial op-A 5th"]
[Site "Odessa"]
[Date "2009.08.24"]
[Round "5"]
[White "Nedilko, Vasily"]
[Black "Tregubov, Vadim"]
[Result "0-1"]
[WhiteElo "2414"]
[BlackElo "2233"]
[PlyCount "78"]
[EventDate "2009.08.20"]
[EventType "swiss"]
[EventRounds "9"]
[EventCountry "UKR"]
[SourceTitle "CBM 132 Extra"]
[Source "ChessBase"]
[SourceDate "2009.11.03"]
[SourceVersion "1"]
[SourceVersionDate "2009.11.03"]
[SourceQuality "1"]

1. d4 Nf6 2. c4 g6 3. Nf3 Bg7 4. g3 d6 5. Bg2 0-0 6. Nc3 Nc6 7. 0-0 Bg4 8. h3 Bxf3 9. Bxf3 Nd7 10. e3 e5 11. d5 Ne7 12. e4 f5 13. Bd2 h6 14. Kg2 fxe4 15. Nxe4 Nf5 16. h4 Nd4 17. Bg4 Nf6 18. Nxf6+ Qxf6 19. h5 g5 20. Bc3 c5 21. Qd3 Rab8 22. Rae1 b5 23. b3 bxc4 24. Qxc4 Nb5 25. Bb2 Nc7 26. a3 Qf7 27. Rd1 Kh8 28. Rd3 a5 29. Bc1 Nb5 30. Rf3 Qb7 31. Rxf8+ Rxf8 32. Rd1 Nd4 33. Rd3 e4 34. Re3 Qf7 35. f4 gxf4 36. Rxe4 fxg3 37. Rf4 Qe7 38. b4 Rxf4 39. Bxf4 Qe4+ 0-1

[Event "Geller Memorial op-A 5th"]
[Site "Odessa"]
[Date "2009.08.23"]
[Round "4"]
[White "Tregubov, Vadim"]
[Black "Mozharov, Mikhail"]
[Result "1/2-1/2"]
[WhiteElo "2233"]
[BlackElo "2475"]
[PlyCount "37"]
[EventDate "2009.08.20"]
[EventType "swiss"]
[EventRounds "9"]
[EventCountry "UKR"]
[SourceTitle "CBM 132 Extra"]
[Source "ChessBase"]
[SourceDate "2009.11.03"]
[SourceVersion "1"]
[SourceVersionDate "2009.11.03"]
[SourceQuality "1"]

1. e4 c5 2. Nf3 Nc6 3. d4 cxd4 4. Nxd4 Nf6 5. Nc3 e5 6. Ndb5 d6 7. Bg5 a6 8. Na3 b5 9. Nd5 Be7 10. Bxf6 Bxf6 11. c4 b4 12. Nc2 Rb8 13. Bd3 0-0 14. h4 b3 15. axb3 Rxb3 16. Ra2 h6 17. g3 Kh8 18. Nce3 Nd4 19. Nc2 1/2-1/2